JRA 中央競馬のGI級で単勝元返しになった競争 - Statistics

General Stats
  • This quiz has been taken 46 times
  • The average score is 2 of 5
Answer Stats
競争名・開催年 馬名 % Correct
2005菊花賞 ディープインパクト
98%
1965天皇賞(秋) シンザン
72%
1951皐月賞 トキノミノル
49%
1957天皇賞(秋)、1957有馬記念 ハクチカラ
23%
1957桜花賞 ミスオンワード
5%
No matching quizzes found
Score Distribution
Percent of People with Each Score
Percentile by Number Answered
Your Score History
You have not taken this quiz